[Event "Tatry Open 2014"]
[Site "Tatranske Zruby SVK"]
[Date "2014.10.05"]
[Round "9.39"]
[White "Valenta, V jr"]
[Black "Tyda, K."]
[Result "1-0"]
[WhiteElo "2134"]
[BlackElo "1971"]
[PlyCount "73"]
[EventDate "2014.09.28"]

1. b4 d5 2. Bb2 e6 3. Nf3 Nf6 4. a3 c5 5. bxc5 Bxc5 6. e3 Nc6 7. d3 O-O 8. Be2
Re8 9. d4 Bd6 10. O-O Ne4 11. Nbd2 f5 12. c4 Nxd2 13. Qxd2 Na5 14. c5 Bc7 15.
Qc2 Bd7 16. Bc3 Nc6 17. Rab1 Rb8 18. Ne5 Nxe5 19. dxe5 Bc6 20. Bd4 a6 21. g4
fxg4 22. Bxg4 Qg5 23. h3 h5 24. f4 Qh4 25. Bf3 Qxh3 26. Qg6 h4 27. Bg4 Qg3+ 28.
Kh1 Re7 29. Rf3 Be8 30. Qg5 Bd8 31. Rxg3 hxg3 32. Bh3 Bb5 33. Qxg3 Bd3 34. Rg1
g6 35. f5 Rg7 36. fxg6 Be4+ 37. Kh2 1-0

[Event "Tatry Open 2014"]
[Site "Tatranske Zruby SVK"]
[Date "2014.10.05"]
[Round "9.40"]
[White "Belus, B."]
[Black "Splichal, S."]
[Result "0-1"]
[WhiteElo "1976"]
[BlackElo "2129"]
[PlyCount "78"]
[EventDate "2014.09.28"]

1. e4 c5 2. Nc3 e6 3. g3 d5 4. exd5 exd5 5. d4 cxd4 6. Qxd4 Nf6 7. Bg2 Nc6 8.
Qd3 d4 9. Nce2 Bb4+ 10. Bd2 O-O 11. Nf3 Bxd2+ 12. Qxd2 Ne4 13. Qd3 Qa5+ 14. Nd2
Nc5 15. Qf3 d3 16. cxd3 Ne5 17. Qe3 Ncxd3+ 18. Kf1 Bf5 19. Nd4 Bg6 20. f4 Ng4
21. Qe2 Ndf2 22. f5 Bxf5 23. Nxf5 Qxf5 24. Kg1 Nxh1 25. Bxh1 Qc5+ 26. Kg2 Ne3+
27. Kh3 Rae8 28. Ne4 Qb6 29. g4 f5 30. gxf5 Qh6+ 31. Kg3 Nxf5+ 32. Kg2 Nh4+ 33.
Kg3 Qf4+ 34. Kh3 Nf5 35. Re1 Kh8 36. a3 Re6 37. Bf3 Nd4 38. Qe3 Nxf3 39. Qd4
Qxh2+ 0-1